Responses for show #8417 - Tuesday, June 8, 2021

Champion's winnings & consolation amounts matched to National Alliance on Mental Illness.

Contestants

[<< previous game]

Tim Lopez, a storytelling coach originally from Los Angeles, California

Molly Feibel, a historic interpreter from Staatsburg, New York

Verlinda Johnson Henning, a human resources consultant from Memphis, Tennessee (whose 1-day cash winnings total $17,500)

[next game >>]

Jeopardy! Round responses

FREDERICK LAW OLMSTED
MUSICAL GENRES
CLUES FROM THE FIRST CROSSWORD PUZZLE
(Mayim: Published in 1913.)
WELCOME TO THE PARTY
FASHIONABLY
LATE
    $200 13
Central Park

Tim
    $200 11
(heavy) metal

Verlinda
    $200 1
a lad

Tim
    $200 19
Condoleezza Rice

Verlinda
    $200 6
a kimono

Tim
    $200 9
(Mayim: Yes, I was one.)

a late bloomer

Verlinda
    $400 14
Montreal

Molly
    $400 15
the Latin Grammys

Tim
    $400 2
sand

Verlinda
    $400 21
Ronald Reagan

Tim
    $400 7
a beret

Molly
    $400 10
a dollar short

Molly
    $600 16
Stanford

Tim
    $600 20
[Laughter]

country music

Verlinda
    $600 3
rule

Molly
    $600 22
Elizabeth Warren

Tim
    $600 8
a cocoon

Verlinda
    $600 12
(Molly: What is The Late Show with James Corden?)
(Verlinda: What is Late Night with James Corden?)

The Late Late Show with James Corden

VerlindaMollyTim
    $800 17
Detroit

Tim
    $800 25
reggae

Verlinda
    $800 4
evade

Molly
    $800 23
(Tim: Who is Jackson?)

John Tyler

Tim
Triple Stumper
    $500 26
an ascot

Verlinda
    $800 28
Florence

Triple Stumper
    $1000 18
Prospect Park

Tim
    $1000 30
Young MC

Tim
    $1000 5
a reverie

Verlinda
    $1000 24
(Molly: What is the Independent Party?)

a Dixiecrat

Molly
Triple Stumper
    $1000 27
buffalo plaid

Triple Stumper
    $1000 29
blight

Triple Stumper

Scores at the first commercial break (after clue 15):

Verlinda Molly Tim
$1,800 $2,000 $1,600

Scores at the end of the Jeopardy! Round:

Verlinda Molly Tim
$3,900 $1,000 $5,200

Double Jeopardy! Round responses

LAKES OF EUROPE
ANIMAL-NAMED ANIMALS
(Mayim: For example, bulldog.)
A LITERATURE SAMPLER
SUMMER MOVIES
KEEP THE FAITH
L-M-N
(Mayim: Correct responses will contain "L", "M", and "N" in that order.)
    $400 26
Lake Geneva

Verlinda
    $400 17
(Mayim: Yes, adorable.)

kangaroo rats

Molly
    $400 1
LeBron James

Tim
    $400 3
Transformers

Molly
    $400 12
Hinduism

Verlinda
    $400 9
elemental (elementary)

Tim
    $800 27
St. Petersburg

Tim
    $800 18
a tiger shark

Verlinda
    $800 2
Tarzan

Tim
    $800 7
Despicable Me

Tim
    $800 19
the Mormon Church (the Church of Jesus Christ of Latter-Day Saints)

Tim
    $4,800 10
alimony

Tim
    $1200 28
the Black Sea

Triple Stumper
    $1,000 23
an elephant seal

Verlinda
    $1200 4
(John) Keats

Molly
    $1200 8
Chris Pratt

Molly
    $1200 20
(Mayim: Where I come from we say, [**].)

Hanukkah (Chanukkah)

Verlinda
    $1200 13
(Verlinda: What is [*]?)
...
(Mayim: Verlinda, you didn't ring in successfully.)

a palomino

Molly
    $1600 29
the Netherlands

Triple Stumper
    $1600 24
a mule deer

Tim
    $1600 5
the Headless Horseman

Tim
    $1600 11
pixels

Molly
    $1600 21
(Verlinda: What is Shintoism?)

Confucianism

Verlinda
Triple Stumper
    $1600 14
(Verlinda: Hmmm... no.)

a culmination

Verlinda
Triple Stumper
    $2000 30
wine

Triple Stumper
    $2000 25
lionfish

Triple Stumper
    $2000 6
Nomadland

Tim
    $2000 16
The Secret Life of Pets

Triple Stumper
    $2000 22
(Tim: What is Zoroastrianism?)

the Baha'i faith

Tim
Triple Stumper
    $2000 15
the albumen

Molly

Scores at the end of the Double Jeopardy! Round:

Verlinda Molly Tim
$4,500 $9,000 $17,200

[wagering suggestions for these scores]

Final Jeopardy! Round responses

FOOD & DRINK PHRASES
VerlindaWhat What is coffee break?
$4,500
MollyWhat is a lunch break?
$7,000
TimWhat is Happy Hour lunch b
$2,800
coffee break

Final scores:

Verlinda Molly Tim
$9,000 $2,000 $14,400
2nd place: $2,000 3rd place: $1,000 New champion: $14,400

Game dynamics:

Coryat scores:

Verlinda Molly Tim
$5,000 $9,000 $13,200
14 R
(including 2 DDs),
3 W
12 R,
2 W
21 R
(including 1 DD),
2 W

Combined Coryat: $27,200

The J! Archive is created by fans, for fans. The Jeopardy! game show and all elements thereof, including but not limited to copyright and trademark thereto, are the property of Jeopardy Productions, Inc. and are protected under law. This website is not affiliated with, sponsored by, or operated by Jeopardy Productions, Inc. Join the discussion at JBoard.tv.